Managing money : (Record no. 524)
[ view plain ]
| 000 -LEADER | |
|---|---|
| fixed length control field | 01249cam a2200313Ia 4500 |
| 003 - CONTROL NUMBER IDENTIFIER | |
| control field | data |
| 005 - DATE AND TIME OF LATEST TRANSACTION | |
| control field | 20260322212023.0 |
| 008 - FIXED-LENGTH DATA ELEMENTS--GENERAL INFORMATION | |
| fixed length control field | data |
| 020 ## - INTERNATIONAL STANDARD BOOK NUMBER | |
| International Standard Book Number | 9781616516598 |
| 020 ## - INTERNATIONAL STANDARD BOOK NUMBER | |
| International Standard Book Number | 1616516593 |
| 040 ## - CATALOGING SOURCE | |
| Original cataloging agency | BTCTA |
| Language of cataloging | eng |
| Transcribing agency | BTCTA |
| Modifying agency | OCLCF |
| -- | JRS |
| -- | GUA |
| -- | BDX |
| -- | KCP |
| -- | OCLCF |
| 092 ## - LOCALLY ASSIGNED DEWEY CALL NUMBER (OCLC) | |
| Classification number | 658 Bos 2012 |
| 001 - CONTROL NUMBER | |
| control field | data |
| 100 1# - MAIN ENTRY--PERSONAL NAME | |
| Personal name | Bostick, Nan |
| 245 10 - TITLE STATEMENT | |
| Title | Managing money : |
| Remainder of title | Controlling your spending banking basics buy now, pay later improving your budgeting skills / |
| Statement of responsibility, etc. | Nan Bostick, Susan M. Freese & Saddleback Educational Publishing. |
| 260 ## - PUBLICATION, DISTRIBUTION, ETC. | |
| Place of publication, distribution, etc. | [Costa Mesa, Calif.] : |
| Name of publisher, distributor, etc. | Saddleback Educational Pub., |
| Date of publication, distribution, etc. | c2012 |
| 300 ## - PHYSICAL DESCRIPTION | |
| Extent | 120 p. : |
| Other physical details | col. ill. ; |
| Dimensions | 23 cm |
| 490 1# - SERIES STATEMENT | |
| Series statement | 21st century life skills handbooks |
| 500 ## - GENERAL NOTE | |
| General note | Includes index |
| 505 00 - FORMATTED CONTENTS NOTE | |
| Title | Improving your budgeting skills |
| -- | Banking basics -- |
| -- | Buy now, pay later -- |
| -- | Improving your budgeting skills |
| 520 ## - SUMMARY, ETC. | |
| Summary, etc. | Provides tips and information on managing personal finances, including choosing a bank, using credit cards, and balancing a budget |
| 521 8# - TARGET AUDIENCE NOTE | |
| Target audience note | Grades: 9-12 |
| 650 #0 - SUBJECT ADDED ENTRY--TOPICAL TERM | |
| Topical term or geographic name entry element | Finance, Personal |
| 650 #0 - SUBJECT ADDED ENTRY--TOPICAL TERM | |
| Topical term or geographic name entry element | Consumer education |
| 650 #0 - SUBJECT ADDED ENTRY--TOPICAL TERM | |
| Topical term or geographic name entry element | Life skills |
| 700 1# - ADDED ENTRY--PERSONAL NAME | |
| Personal name | Freese, Susan M., |
| Dates associated with a name | 1958- |
| 710 2# - ADDED ENTRY--CORPORATE NAME | |
| Corporate name or jurisdiction name as entry element | Saddleback Educational Publishing |
| 830 #0 - SERIES ADDED ENTRY--UNIFORM TITLE | |
| Uniform title | 21st century lifeskills handbooks |
| Withdrawn status | Lost status | Damaged status | Not for loan | Home library | Current library | Shelving location | Date acquired | Total checkouts | Full call number | Barcode | Date last seen | Price effective from | Koha item type |
|---|---|---|---|---|---|---|---|---|---|---|---|---|---|
| Franklin | Franklin | General stacks | 22/03/2026 | GEN | BC0010536 | 22/03/2026 | 22/03/2026 | Books |